000 00401nam a2200169Ia 4500
003 OSt
005 20231004163114.0
008 230525s9999 xx 000 0 und d
020 _a9789170339280
082 _a306.6
_bD'SS
100 _aD'SOUZA, Leela
245 0 _aSociology of Religion
260 _aJaipur
_bRawat Publ.
_c2005
300 _a396
650 _aSociology/Religion
942 _cBK
_2ddc
999 _c3044
_d3044